000 00683nam a2200289Ia 4500
005 20260324133130.0
008 008 260324s9999 xx 000 0 eng d
020 _a9781315811130
037 _aEBOOK
040 _aCRL
040 _beng
040 _cCRL
041 _2eng
041 _aeng
084 _qCRL
100 _aJoseph Tse-Hei Lee
_91063846
245 4 _aThe Bible and the Gun
245 0 _bChristianity in South China, 1860-1900
260 _bTaylor and Francis
260 _c2003
365 _a
365 _b230
856 _uhttp://www.taylorfrancis.com/books/9781315811130
942 _cEBOOK
999 _c1790685
_d1790685